Κ'ιου γιουάν : θεατρικό έργο σε πέντε πράξεις
Αποθηκεύτηκε σε:
| Κύριος συγγραφέας: | |
|---|---|
| Άλλοι συγγραφείς: | |
| Μορφή: | Βιβλίο |
| Γλώσσα: | Greek |
| Δημοσίευση: |
Αθήνα :
Γ. Φέξη,
1964.
|
| Σειρά: | Πώς να γνωρίσουμε καλύτερα την Κίνα
|
| Θέματα: | |
| Ετικέτες: |
Προσθήκη ετικέτας
Δεν υπάρχουν, Καταχωρήστε ετικέτα πρώτοι!
|
MARC
| LEADER | 00000cam a2200000 i 4500 | ||
|---|---|---|---|
| 001 | 1/50465 | ||
| 008 | 941103s1964 gr | ||l |||| ||gre|| | ||
| 035 | |a 1992 |c ΔΩΡΕΑ |l 10043884 | ||
| 040 | |a GR-MyUA |b gre |e AACR2 | ||
| 041 | 1 | |a gre | |
| 082 | 0 | |a 895.12 | |
| 100 | 1 | |a Guo, Moruo, |d 1892-1978. | |
| 245 | 1 | 0 | |a Κ'ιου γιουάν : |b θεατρικό έργο σε πέντε πράξεις / |c Kuo Mo-Jo ; μετάφραση Νίκου Σιαφκαλή. |
| 260 | |a Αθήνα : |b Γ. Φέξη, |c 1964. | ||
| 300 | |a 161 σ. ; |c 21 εκ. | ||
| 490 | 1 | |a (Πώς να γνωρίσουμε καλύτερα την Κίνα) | |
| 500 | |a Η μετάφραση του βιβλίου έγινε από την αγγλική έκδοση: Kuo Mo-jo: "Chu Yuan", των Foreign Languages Press, Peking, 1955. | ||
| 650 | 0 | 0 | |a Chinese drama. |
| 650 | 0 | 0 | |a Historical drama, Chinese. |
| 700 | 1 | |a Σιαφκαλής, Νίκος, |e trl | |
| 830 | 0 | |a Πώς να γνωρίσουμε καλύτερα την Κίνα | |
| 852 | |a INST |b SAMOS |e 19941103 |h 895.12 GUO |p 005300000375 |q 005300000375 |t BK |y 0 | ||
| 909 | |a Σ |b 023760 | ||